[Rezension von: Dietl, Sylvia, Transformation und Neustrukturierung des DDR-Rundfunks im Prozess der Wiedervereinigung Deutschlands]

Saved in:
Bibliographic Details
Published in:Sehepunkte 24(2024), 5 vom: 15. Mai
Main Author: Classen, Christoph (Author, VerfasserIn)
Other Authors: Dietl, Sylvia (VerfasserIn des Bezugswerks)
Document Type: Online Resource Article
Language:German
Published: 2024
Subjects:
Online Access:Volltext
Related Items:Enthalten in: Sehepunkte
Rezension von: Transformation und Neustrukturierung des DDR-Rundfunks im Prozess der Wiedervereinigung Deutschlands
Author Notes:Christoph Classen
LEADER 01772naa a2200325 c 4500
001 1930989520
003 DE-627
005 20250717084919.0
007 cr uuu---uuuuu
008 250717s2024 xx |||||oo 00| ||ger c
035 |a (DE-627)1930989520 
035 |a (DE-599)KXP1930989520 
040 |a DE-627  |b ger  |c DE-627  |e rda 
041 |a ger 
100 1 |a Classen, Christoph  |d 1965-  |e VerfasserIn  |0 (DE-588)121429857  |0 (DE-627)521426812  |0 (DE-576)181339382  |4 aut 
245 1 0 |a [Rezension von: Dietl, Sylvia, Transformation und Neustrukturierung des DDR-Rundfunks im Prozess der Wiedervereinigung Deutschlands]  |c Christoph Classen 
264 1 |c 2024 
336 |a Text  |b txt  |2 rdacontent 
337 |a Computermedien  |b c  |2 rdamedia 
338 |a Online-Ressource  |b cr  |2 rdacarrier 
655 7 |a Rezension  |0 (DE-588)4049712-4  |0 (DE-627)106186019  |0 (DE-576)209083166  |2 gnd-content 
700 1 |a Dietl, Sylvia  |e VerfasserIn des Bezugswerks  |0 (DE-588)1257373374  |0 (DE-627)1801674396  |4 ant 
773 0 8 |i Enthalten in  |t Sehepunkte  |d München : Ludwig-Maximilians-Univ., 2001  |g 24(2024), 5 vom: 15. Mai  |h Online-Ressource  |w (DE-627)33678273X  |w (DE-600)2062440-2  |w (DE-576)117978736  |x 1618-6168  |7 nnas 
773 1 8 |g volume:24  |g year:2024  |g number:5  |g day:15  |g month:05 
787 0 8 |i Rezension von  |a Dietl, Sylvia  |t Transformation und Neustrukturierung des DDR-Rundfunks im Prozess der Wiedervereinigung Deutschlands  |d München : utzverlag, 2022  |h 658 Seiten  |w (DE-627)1802534717  |z 9783831649396  |z 3831649391 
856 4 0 |u https://www.sehepunkte.de/2024/05/37988.html  |q application/pdf  |v 2025-07-17  |x Verlag  |y Volltext  |z kostenfrei  |3 Volltext  |7 0 
951 |a AR 
994 |u https://www.sehepunkte.de/2024/05/37988.html 
991 |a Rezension (Monographie, Zeitschrift, Aufsatz) 
999 |a KXP-PPN1930989520  |e 4978821525